The Great Barrier Reef
Αποθηκεύτηκε σε:
| Κύριος συγγραφέας: | |
|---|---|
| Συγγραφή απο Οργανισμό/Αρχή: | |
| Μορφή: | Βιβλίο |
| Γλώσσα: | English |
| Δημοσίευση: |
Amsterdam :
Time-Life Books,
c1974
|
| Σειρά: | World's wild places
|
| Θέματα: | |
| Ετικέτες: |
Προσθήκη ετικέτας
Δεν υπάρχουν, Καταχωρήστε ετικέτα πρώτοι!
|
MARC
| LEADER | 00000nam a2200000 i 4500 | ||
|---|---|---|---|
| 001 | 1/41749 | ||
| 008 | 941103s1974 eng d | ||
| 020 | |a 0-7054-0092-1 | ||
| 035 | |a 1994 |l 10041588 | ||
| 040 | |a GR-MY-UA |b gre |e aacr | ||
| 041 | 0 | |a eng | |
| 082 | 0 | |a 591.92576 | |
| 100 | 1 | |a McGregor, Craig. | |
| 245 | 1 | 4 | |a The Great Barrier Reef / |c by Craig McGregor and thye editors of Time-Life Books |
| 260 | |a Amsterdam : |b Time-Life Books, |c c1974 | ||
| 300 | |a 184 σ.; |c 27 εκ. | ||
| 490 | 1 | |a The World's wilde places | |
| 504 | |a Περιέχει βιβλιογραφικές αναφορές και ευρετήριο | ||
| 650 | 0 | 0 | |a Marine biology |z Australia |z Great Barrir Reef. |
| 651 | 0 | |a Great Barrier Reef (Qld.) | |
| 710 | 2 | |a Time-Life Books. | |
| 830 | 0 | |a World's wild places | |
| 852 | |a INST |b SAMOS |e 19941103 |h 591.92576 MCG |p 005300009093 |q 005300009093 |t BK |y 0 | ||
| 909 | |a Σ |b 034211 | ||